Southville International School and Colleges
Your cart is empty.
  • Cart
  • Lists
    Public lists Eva Luna New books Lux_list list_1
    Your lists Log in to create your own lists
  • Log in to your account
  • Your cookies
  • Search history
Southville International School and Colleges
  • Advanced search
  • Recent comments
  • Most popular
  • Libraries

Log in to your account

Log in with GOOGLE


If you do not have an external account, but do have a local account, you can still log in:

  1. Home
  2. MARC view: Tourism policy and planning :
Normal view MARC view ISBD view

Tourism policy and planning : (Record no. 25776)

[ view plain ]
MARC details
000 -LEADER
fixed length control field 00750nam a22002417a 4500
003 - CONTROL NUMBER IDENTIFIER
control field SISC
005 - DATE AND TIME OF LATEST TRANSACTION
control field 20170116093210.0
008 - FIXED-LENGTH DATA ELEMENTS--GENERAL INFORMATION
fixed length control field 131214b xxu||||| |||| 00| 0 eng d
020 ## - INTERNATIONAL STANDARD BOOK NUMBER
International Standard Book Number 9780415534536
050 ## - LIBRARY OF CONGRESS CALL NUMBER
Classification number G 155.A1
Item number .T5924325 2013
100 ## - MAIN ENTRY--PERSONAL NAME
Personal name Edgell, David L. Sr.
245 ## - TITLE STATEMENT
Title Tourism policy and planning :
Remainder of title yesterday, today and tomorrow /
Statement of responsibility, etc David L Edgell, Sr., Jason R Swanson
250 ## - EDITION STATEMENT
Edition statement 2nd edition.
260 ## - PUBLICATION, DISTRIBUTION, ETC. (IMPRINT)
Place of publication, distribution, etc New York :
Name of publisher, distributor, etc Routledge,
Date of publication, distribution, etc 2013.
300 ## - PHYSICAL DESCRIPTION
Extent xvi, 305 pages :
Other physical details illustrations ;
Dimensions 26 cm.
500 ## - GENERAL NOTE
General note Includes index.
650 ## - SUBJECT ADDED ENTRY--TOPICAL TERM
Topical term or geographic name as entry element Tourism
General subdivision Planning.
650 ## - SUBJECT ADDED ENTRY--TOPICAL TERM
Topical term or geographic name as entry element Tourism
General subdivision Government policy.
700 ## - ADDED ENTRY--PERSONAL NAME
Personal name Swanson, Jason R.
Relator term author.
942 ## - ADDED ENTRY ELEMENTS (KOHA)
Source of classification or shelving scheme Library of Congress Classification
Koha item type Books
Call number prefix Foreign
Holdings
Withdrawn status Lost status Source of classification or shelving scheme Damaged status Home library Current library Shelving location Date acquired Total Checkouts Full call number Barcode Date last seen Copy number Price effective from Koha item type Total Renewals Date checked out
    Library of Congress Classification   College Library College Library Reserve Section 12/14/2013   G 155.A1 .T5924325 2013 C17228 05/15/2018 1 12/14/2013 Books    
    Library of Congress Classification   College Library College Library Reserve Section 12/17/2013 2 G 155.A1 .T5924325 2013 C17330 05/15/2018 2 12/17/2013 Books 11 03/26/2015

Tourism policy and planning :

APA

Edgell D. L. S., Swanson J. R., . (2013). Tourism policy and planning. New York: Routledge.

Chicago

Edgell David L Sr, Swanson Jason R, . 2013. Tourism policy and planning. New York: Routledge.

Harvard

Edgell D. L. S., Swanson J. R., . (2013). Tourism policy and planning. New York: Routledge.

MLA

Edgell David L Sr, Swanson Jason R, . Tourism policy and planning. New York: Routledge. 2013.

  • Place hold
  • Print
  • Cite
  • Add to your cart (remove)
  • Save record
    BIBTEX Dublin Core MARCXML MARC (non-Unicode/MARC-8) MARC (Unicode/UTF-8) MARC (Unicode/UTF-8, Standard) MODS (XML) RIS
  • More searches
    Search for this title in:
    Other Libraries (WorldCat) Other Databases (Google Scholar) Online Stores (Bookfinder.com) Open Library (openlibrary.org)

Exporting to Dublin Core...

SOUTHVILLE LIBRARY

Southville International School and Colleges Library

1281 Tropical Ave. Cor. Luxembourg St., BF Homes International, Las Pinas City

Tel. No. 8256374 / 252358 Loc. 117/146

Powered by Koha